Human Factors In Aircraft Maintenance / (Record no. 590084)

000 -LEADER
fixed length control field 00382nam a22001577a 4500
003 - CONTROL NUMBER IDENTIFIER
control field NUST
020 ## - INTERNATIONAL STANDARD BOOK NUMBER
International Standard Book Number 978-0-367-23011-1
038 ## - RECORD CONTENT LICENSOR
Staff Name khadija
082 ## - DEWEY DECIMAL CLASSIFICATION NUMBER
Classification number 629.1346
Author Mark YIA
100 ## - MAIN ENTRY--PERSONAL NAME
Personal name Yiannakides
9 (RLIN) 91972
245 ## - TITLE STATEMENT
Title Human Factors In Aircraft Maintenance /
Statement of responsibility, etc. Demetris Yiannakides
260 ## - PUBLICATION, DISTRIBUTION, ETC.
Place of publication, distribution, etc. U.S
Name of publisher, distributor, etc. CRC Press
Date of publication, distribution, etc. 2020
300 ## - PHYSICAL DESCRIPTION
Extent xix,119,:p
563 ## - BINDING INFORMATION
Binding note HB
942 ## - ADDED ENTRY ELEMENTS (KOHA)
Source of classification or shelving scheme
Koha item type Book
Holdings
Withdrawn status Lost status Source of classification or shelving scheme Damaged status Not for loan Permanent Location Current Location Shelving location Date acquired Total Checkouts Full call number Barcode Date last seen Price effective from Koha item type
          School of Mechanical & Manufacturing Engineering (SMME) School of Mechanical & Manufacturing Engineering (SMME) General Stacks 06/01/2022   629.1346 YIA smme-3763 06/01/2022 06/01/2022 Book
© 2023 Central Library, National University of Sciences and Technology. All Rights Reserved.